Sports Quiz

Random Sports or NHL Quiz

NHL Top Scorers (1990s) Quiz Stats

 Plays Quiz Updated Mar 8, 2019

Score 0/50 Timer 11:00
0 Plays Today
Rank Player % Correct
1.Wayne Gretzky
97.5%
14.Mario Lemieux
88.1%
7.Jaromir Jagr
84.3%
11.Mark Messier
83.1%
3.Steve Yzerman
80.3%
5.Brett Hull
79%
4.Joe Sakic
75.7%
35.Eric Lindros
68.8%
17.Mike Modano
66.9%
29.Teemu Selänne
63.9%
21.Raymond Bourque
60.2%
19.Mats Sundin
59.3%
2.Adam Oates
56.4%
15.Jeremy Roenick
56.2%
8.Ron Francis
55.5%
25.Sergei Fedorov
55.4%
32.Paul Coffey
55.4%
18.Brendan Shanahan
54.9%
13.Luc Robitaille
52.5%
27.Kevin Stevens
52%
9.Mark Recchi
51.2%
26.Brian Leetch
49.8%
46.John LeClair
48.1%
20.Alexander Mogilny
46.8%
33.Pat LaFontaine
46.5%
Rank Player % Correct
10.Theoren Fleury
44.4%
12.Doug Gilmour
44.1%
44.Peter Bondra
39.8%
28.Al MacInnis
39.6%
6.Pierre Turgeon
39.4%
24.Dave Andreychuk
37.7%
31.Joe Nieuwendyk
36.7%
40.Trevor Linden
36.1%
41.Dale Hawerchuk
34.3%
48.Mike Gartner
33.3%
22.Rod Brind'amour
32.8%
16.Vincent Damphousse
28.1%
36.Phil Housley
27.4%
47.Dino Ciccarelli
26.6%
38.Larry Murphy
25.8%
30.Pat Verbeek
22.1%
50.Kirk Muller
21.4%
34.Rick Tocchet
20.1%
42.Brian Bellows
17.7%
23.Craig Janney
17.4%
39.Steve Thomas
15.9%
45.Stephane Richer
15.2%
43.Geoff Courtnall
14.7%
49.Ray Sheppard
10.3%
37.Dave Gagner
9%

You're not logged in!

Compare scores with friends on all Sporcle quizzes.
OR
Log In

Sporcle TV

Today on Sporcle TV


Watch our educational content, quiz creation guides, and fun videos on Sporcle TV.

Show Comments

Extras

Top Quizzes Today


Score Distribution

Your Account Isn't Verified!

In order to create a playlist on Sporcle, you need to verify the email address you used during registration. Go to your Sporcle Settings to finish the process.

Report this User

Report this user for behavior that violates our Community Guidelines.

Details: